Función de desagravios que hace en obsequio de las Bellas Artes un acólito del Templo de las Letras, conocido en el siglo por Manuel del Palacio. (Record no. 161255)

MARC details
000 -LEADER
campo de control de longitud fija 01159nam a2200241 i 4500
001 - NÚMERO DE CONTROL
campo de control 161255
003 - IDENTIFICADOR DE NÚMERO DE CONTROL
campo de control ES-MaACL
005 - FECHA Y HORA DE LA ÚLTIMA TRANSACCIÓN
campo de control 20240528160955.0
008 - DATOS DE LONGITUD FIJA--INFORMACIÓN GENERAL
campo de control de longitud fija 990611s1862 sp |||| | spa d
040 ## - FUENTE DE CATALOGACIÓN
Centro catalogador/agencia de origen CCPB | B
Lengua de catalogación spa
Centro/agencia transcriptor CCPB | B
080 ## - NÚMERO DE LA CLASIFICACIÓN DECIMAL UNIVERSAL
Número de la Clasificación Decimal Universal 821.134.2-17"18"
100 1# - ENTRADA PRINCIPAL--NOMBRE DE PERSONA
Nombre de persona Palacio, Manuel del,
Fechas asociadas al nombre 1831-1906
9 (RLIN) 88370
245 10 - MENCIÓN DEL TÍTULO
Título Función de desagravios que hace en obsequio de las Bellas Artes un acólito del Templo de las Letras, conocido en el siglo por Manuel del Palacio.
260 ## - PUBLICACIÓN, DISTRIBUCIÓN, ETC.
Lugar de publicación, distribución, etc. Madrid :
Nombre del editor, distribuidor, etc. Centro General de Administración,
Fecha de publicación, distribución, etc. 1862.
300 ## - DESCRIPCIÓN FÍSICA
Extensión 58, [4] p. ;
Dimensiones 15 cm.
530 ## - NOTA DISPONIBLE DE FORMULARIO FÍSICO ADICIONAL
Nota de formato físico adicional disponible Disponible también en sitio web.
852 ## - LOCALIZACIÓN
Ubicación ES-MaACL
Número de control de estantería FOLL-Laf-583
Ubicación en estantería Depósito folletos
Donativo/Legado Legado: M. de la Fuente
itemnumber 167300
Marcas de propiedad Sello en tinta en portada: "Ateneo de Madrid. Biblioteca"
-- Sello en tinta en portada: "Ateneo de Madrid. Legado M. de la Fuente"
Encuadernación Sin encuadernar
856 ## - LOCALIZACIÓN Y ACCESO ELECTRÓNICOS
Identificador Uniforme de Recursos <a href="http://bdh-rd.bne.es/viewer.vm?id=0000060054&page=1">http://bdh-rd.bne.es/viewer.vm?id=0000060054&page=1</a>
Texto de enlace Versión en línea
Nota pública Biblioteca Digital Hispánica
903 ## - NOMBRE PERSONAL DE DONANTE
9 69535
a Lafuente, Modesto,
q 1
d 1806-1866
e Donante
942 ## - ELEMENTOS DE ENTRADA SECUNDARIOS (KOHA)
Fuente del sistema de clasificación o colocación Clasificación decimal universal
Tipo de ítem Koha Folleto
Holdings
Estatus retirado Estado de pérdida Fuente del sistema de clasificación o colocación Estado de daño No para préstamo Colección Biblioteca de origen Biblioteca actual Ubicación en estantería Fecha de adquisición Fuente de adquisición Total de préstamos Signatura topográfica completa Código de barras Visto por última vez Precio de reemplazo Tipo de ítem Koha
    Clasificación decimal universal     Colección de folletos Biblioteca del Ateneo de Madrid Biblioteca del Ateneo de Madrid Depósito folletos 17/01/2008 Legado   FOLL-Laf-583 1168904 23/02/2023 23/02/2023 Folleto